Clash royale cards - Pictures - Statistics

General Stats
  • This quiz has been taken 5,018 times
  • The average score is 15 of 16
Answer Stats
Picture Answer % Correct
Skeletons
96%
Valkyrie
95%
Giant
94%
Mega Knight
93%
Minions
93%
Mother Witch
93%
Poison
93%
Goblin Drill
92%
Goblin Gang
92%
Hunter
92%
Monk
92%
Princess
92%
Tesla
91%
Elite Barbarians
90%
Furnace
86%
Giant Snowball
77%
No matching quizzes found
Score Distribution
Percent of People with Each Score
Percentile by Number Answered
Your Score History
You have not taken this quiz